Stati affacciati sul Mar Caspio - Statistics

Statistiche generali
  • Questo quiz è stato fatto 21 volte
  • Il punteggio medio è 5 su 5
Statistiche sulle risposte
Continente Stato % Corretto
Asia Iran
100%
Asia / Europa Kazakistan
100%
Asia / Europa Azerbaigian
95%
Asia / Europa Russia
95%
Asia Turkmenistan
89%
Nessun quiz corrispondente trovato
Distribuzione punteggi
Percentuale di utenti per punteggio
Percentile per numero di risposta
I tuoi punteggi nel tempo
Non hai fatto questo quiz